000
00205 a2200097 4500
001
18600
100
_a
Waliiullah S
245
_a
Fuqa-e-umar
260
_a
_b
Adarah-e-saqafat
_c
1960
090
_c
13828
_d
13828
942
_a
NUST-CAE
_c
M
_c
4256
999
_c
253673
_d
253673